000 00348nam a22001577a 4500
005 20160623104905.0
008 160623b xxu||||| |||| 00| 0 eng d
041 _aeng
082 _b9072
100 _aRamasamy, T
_92280
245 _aPrinciples of Management
260 _bHPH
_c2008
300 _a356
650 _aManagement
_9241
942 _cBK
999 _c3635
_d3634